[Event "Meister-Talente"]
[Site "Emanuel Lasker Arena"]
[Date "2020.11.06"]
[Round "3"]
[White "Tschigorinfan97"]
[Black "Ailton_32"]
[Result "0-1"]
[WhiteElo "2209"]
[BlackElo "1997"]
[Annotator "NA RC"]
[PlyCount "80"]
[EventDate "2020.11.06"]
[EventType "tourn (blitz)"]

1. d4 {[%emt 0:00:03]} Nf6 {[%emt 0:00:09]} 2. c4 {[%emt 0:00:01]} e6 {[%emt 0:00:01]} 3. Nc3 {[%emt 0:00:02]} d5 {[%emt 0:00:00]} 4. Bg5 {[%emt 0:00:02]} Nbd7 {[%emt 0:00:20]} 5. cxd5 {[%emt 0:00:02]} exd5 {[%emt 0:00:03]} 6. e3 {[%emt 0:00:02]} h6 {[%emt 0:00:04]} 7. Bh4 {[%emt 0:00:02]} c6 {[%emt 0:00:03]} 8. Bd3 {[%emt 0:00:02]} Bd6 {[%emt 0:00:05]} 9. Nge2 {[%emt 0:00:04]} Nf8 {[%emt 0:00:14]} 10. Qc2 {[%emt 0:00:03]} Ne6 {[%emt 0:00:07]} 11. Rb1 {[%emt 0:00:17]} O-O {[%emt 0:00:26]} 12. b4 {[%emt 0:00:08]} b5 {[%emt 0:00:03]} 13. Bg3 {[%emt 0:00:47]} a5 {[%emt 0:00:11]} 14. a3 {[%emt 0:00:21]} Re8 {[%emt 0:00:27]} 15. O-O {[%emt 0:00:04]} Qe7 {[%emt 0:00:32]} 16. Bxd6 {[%emt 0:00:26]} Qxd6 {[%emt 0:00:00]} 17. Nc1 {[%emt 0:00:01]} axb4 {[%emt 0:00:14]} 18. axb4 {[%emt 0:00:00]} Ng4 {[%emt 0:00:01]} 19. g3 {[%emt 0:00:08]} Ng5 {[%emt 0:00:04]} 20. Be2 {[%emt 0:00:43]} Nh3+ {[%emt 0:00:22]} 21. Kg2 {[%emt 0:00:06]} Qf6 {[%emt 0:00:07]} 22. Nd3 {[%emt 0:00:09]} Bf5 {[%emt 0:00:04]} 23. Bxg4 {[%emt 0:00:05]} Bxg4 {[%emt 0:00:00]} 24. Ne5 {[%emt 0:00:01]} Bf5 {[%emt 0:00:04]} 25. e4 {[%emt 0:00:01]} dxe4 {[%emt 0:00:02]} 26. Nxe4 {[%emt 0:00:00]} Qe6 {[%emt 0:00:05]} 27. f3 {[%emt 0:00:03]} Ng5 {[%emt 0:00:01]} 28. Rbe1 {[%emt 0:00:05]} Ra2 {[%emt 0:00:01]} 29. Qxa2 {[%emt 0:00:03]} Qxa2+ {[%emt 0:00:01]} 30. Rf2 {[%emt 0:00:00]} Qd5 {[%emt 0:00:04]} 31. Nc5 {[%emt 0:00:02]} Bh3+ {[%emt 0:00:01]} 32. Kg1 {[%emt 0:00:01]} f6 {[%emt 0:00:00]} 33. f4 {[%emt 0:00:03]} fxe5 {[%emt 0:00:02]} 34. fxg5 {[%emt 0:00:01]} Rf8 {[%emt 0:00:01]} 35. Rxf8+ {[%emt 0:00:03]} Kxf8 {[%emt 0:00:00]} 36. Re2 {[%emt 0:00:04]} Qxd4+ {[%emt 0:00:01]} 37. Rf2+ {[%emt 0:00:03]} Ke7 {[%emt 0:00:01]} 38. Nd3 {[%emt 0:00:02]} Qxd3 {[%emt 0:00:01]} 39. Ra2 {[%emt 0:00:04]} Qd4+ {[%emt 0:00:02]} 40. Kh1 {[%emt 0:00:03]} Qd1# {[%emt 0:00:01] (Lag: Av=0.72s, max=1.0s)} 0-1

[Event "Meister-Talente"]
[Site "Emanuel Lasker Arena"]
[Date "2020.11.06"]
[Round "3"]
[White "PeterLaFleur"]
[Black "Sreyas2008"]
[Result "1-0"]
[WhiteElo "2143"]
[BlackElo "1884"]
[Annotator "NA RC"]
[PlyCount "83"]
[EventDate "2020.11.06"]
[EventType "tourn (blitz)"]

1. Nf3 {[%emt 0:00:03]} Nf6 {[%emt 0:00:03]} 2. c4 {[%emt 0:00:01]} c5 {[%emt 0:00:03]} 3. Nc3 {[%emt 0:00:01]} Nc6 {[%emt 0:00:01]} 4. b3 {[%emt 0:00:03]} g6 {[%emt 0:00:02]} 5. Bb2 {[%emt 0:00:01]} Bg7 {[%emt 0:00:01]} 6. Nd5 {[%emt 0:00:05]} e6 {[%emt 0:00:12]} 7. Nxf6+ {[%emt 0:00:03]} Bxf6 {[%emt 0:00:01]} 8. Bxf6 {[%emt 0:00:01]} Qxf6 {[%emt 0:00:01]} 9. g3 {[%emt 0:00:01]} b6 {[%emt 0:00:02]} 10. Bg2 {[%emt 0:00:01]} Bb7 {[%emt 0:00:01]} 11. O-O {[%emt 0:00:02]} Nd4 {[%emt 0:00:27]} 12. Nxd4 {[%emt 0:00:17]} Bxg2 {[%emt 0:00:03]} 13. Kxg2 {[%emt 0:00:02]} Qxd4 {[%emt 0:00:04]} 14. d3 {[%emt 0:00:02]} O-O-O {[%emt 0:00:13]} 15. e3 {[%emt 0:00:07]} Qe5 {[%emt 0:00:20]} 16. Qf3 {[%emt 0:00:04]} f5 {[%emt 0:00:09]} 17. d4 {[%emt 0:00:03]} cxd4 {[%emt 0:00:23]} 18. exd4 {[%emt 0:00:00]} Qe4 {[%emt 0:00:01]} 19. Qxe4 {[%emt 0:00:06]} fxe4 {[%emt 0:00:00]} 20. Rac1 {[%emt 0:00:31]} Kb7 {[%emt 0:00:05]} 21. f3 {[%emt 0:00:19]} exf3+ {[%emt 0:00:03]} 22. Rxf3 {[%emt 0:00:00]} Rhf8 {[%emt 0:00:02]} 23. Rcf1 {[%emt 0:00:06]} Rf5 {[%emt 0:00:10]} 24. g4 {[%emt 0:00:11]} Rxf3 {[%emt 0:00:32]} 25. Rxf3 {[%emt 0:00:00]} Kc6 {[%emt 0:00:04]} 26. Rf7 {[%emt 0:00:02]} Rh8 {[%emt 0:00:06]} 27. Kf3 {[%emt 0:00:03]} a5 {[%emt 0:00:08]} 28. Ke4 {[%emt 0:00:02]} Kd6 {[%emt 0:00:02]} 29. h4 {[%emt 0:00:04]} h6 {[%emt 0:00:02]} 30. Rg7 {[%emt 0:00:03]} h5 {[%emt 0:00:02]} 31. g5 {[%emt 0:00:02]} Rf8 {[%emt 0:00:04]} 32. Rxg6 {[%emt 0:00:02]} Rf2 {[%emt 0:00:01]} 33. Rh6 {[%emt 0:00:01]} Rxa2 {[%emt 0:00:02]} 34. Rxh5 {[%emt 0:00:04]} Re2+ {[%emt 0:00:03]} 35. Kf3 {[%emt 0:00:03]} Rb2 {[%emt 0:00:01]} 36. g6 {[%emt 0:00:09]} Ke7 {[%emt 0:00:04]} 37. Rh7+ {[%emt 0:00:06]} Kf6 {[%emt 0:00:04]} 38. h5 {[%emt 0:00:01]} Rxb3+ {[%emt 0:00:13]} 39. Kf4 {[%emt 0:00:01]} e5+ {[%emt 0:00:03]} 40. dxe5+ {[%emt 0:00:02]} Ke6 {[%emt 0:00:00]} 41. Rh8 {[%emt 0:00:11]} Rb1 {[%emt 0:00:05]} 42. Re8# {[%emt 0:00:04] Mate Mate} 1-0

[Event "Meister-Talente"]
[Site "Emanuel Lasker Arena"]
[Date "2020.11.06"]
[Round "3"]
[White "Johvon"]
[Black "Opel 2004"]
[Result "1-0"]
[WhiteElo "1894"]
[BlackElo "1745"]
[Annotator "NA RC"]
[PlyCount "77"]
[EventDate "2020.11.06"]
[EventType "tourn (blitz)"]

1. d4 {[%emt 0:00:02]} e6 {[%emt 0:00:02]} 2. c4 {[%emt 0:00:04]} Nf6 {[%emt 0:00:02]} 3. g3 {[%emt 0:00:02] Opel 2004 reconnected.} c5 {[%emt 0:00:04]} 4. d5 {[%emt 0:00:06]} exd5 {[%emt 0:00:02]} 5. cxd5 {[%emt 0:00:00]} d6 {[%emt 0:00:01]} 6. Nc3 {[%emt 0:00:01]} g6 {[%emt 0:00:02]} 7. Bg2 {[%emt 0:00:02]} Bg7 {[%emt 0:00:02]} 8. Nf3 {[%emt 0:00:00]} O-O {[%emt 0:00:01]} 9. O-O {[%emt 0:00:02]} Re8 {[%emt 0:00:02]} 10. Bf4 {[%emt 0:00:04]} Bf5 {[%emt 0:00:03]} 11. Nh4 {[%emt 0:00:06] Opel 2004 reconnected. Opel 2004 reconnected. '} Be4 {[%emt 0:00:06]} 12. f3 {[%emt 0:00:03]} Bf5 {[%emt 0:00:10]} 13. Nxf5 {[%emt 0:00:02]} gxf5 {[%emt 0:00:00]} 14. Qd3 {[%emt 0:00:04] Opel 2004 reconnected.} Qe7 {[%emt 0:00:04]} 15. Rae1 {[%emt 0:00:07]} Nbd7 {[%emt 0:00:11]} 16. Qxf5 {[%emt 0:00:07]} Ne5 {[%emt 0:00:10] Opel 2004 reconnected.} 17. Bxe5 {[%emt 0:00:16]} Qxe5 {[%emt 0:00:05]} 18. Qxe5 {[%emt 0:00:02]} Rxe5 {[%emt 0:00:01]} 19. e4 {[%emt 0:00:00]} a6 {[%emt 0:00:14]} 20. f4 {[%emt 0:00:05]} Re7 {[%emt 0:00:02] Opel 2004 reconnected.} 21. Bf3 {[%emt 0:00:17]} Rae8 {[%emt 0:00:04]} 22. a4 {[%emt 0:00:03]} Nd7 {[%emt 0:00:19] Opel 2004 reconnected.} 23. Kg2 {[%emt 0:00:09]} f5 {[%emt 0:00:05]} 24. Bh5 {[%emt 0:00:12] Opel 2004 reconnected.} Rf8 {[%emt 0:00:06]} 25. exf5 {[%emt 0:00:04]} Rxe1 {[%emt 0:00:10]} 26. Rxe1 {[%emt 0:00:02] Opel 2004 reconnected.} Bxc3 {[%emt 0:00:01]} 27. bxc3 {[%emt 0:00:02]} Rxf5 {[%emt 0:00:11]} 28. Bg4 {[%emt 0:00:02]} Rf7 {[%emt 0:00:01]} 29. Be6 {[%emt 0:00:01]} Kg7 {[%emt 0:00:03]} 30. Bxf7 {[%emt 0:00:01]} Kxf7 {[%emt 0:00:00]} 31. a5 {[%emt 0:00:06]} b6 {[%emt 0:00:03]} 32. Ra1 {[%emt 0:00:15]} b5 {[%emt 0:00:07]} 33. Kf3 {[%emt 0:00:03]} Nf6 {[%emt 0:00:01]} 34. Rd1 {[%emt 0:00:02]} h5 {[%emt 0:00:04]} 35. h3 {[%emt 0:00:01]} Kg6 {[%emt 0:00:01]} 36. g4 {[%emt 0:00:01]} hxg4+ {[%emt 0:00:03]} 37. hxg4 {[%emt 0:00:00]} Nd7 {[%emt 0:00:07]} 38. Re1 {[%emt 0:00:04]} Kf7 {[%emt 0:00:21]} 39. Re6 {[%emt 0:00:04] Opel 2004 gibt auf (Lag: Av=10.10s, max=222.5s)} 1-0

[Event "Meister-Talente"]
[Site "Emanuel Lasker Arena"]
[Date "2020.11.06"]
[Round "3"]
[White "HannesFM"]
[Black "Psammenitos."]
[Result "0-1"]
[WhiteElo "1860"]
[BlackElo "2480"]
[Annotator "TA"]
[PlyCount "64"]
[EventDate "2020.11.06"]
[EventType "tourn (blitz)"]

{[%evp 9,64,10,22,8,30,14,24,20,35,18,20,21,18,0,7,0,-12,-23,-4,-21,-27,-48,-51,-39,89,-110,-116,-115,-32,-143,-110,-121,-85,-77,-77,-91,-83,-85,-84,-99,-99,-99,-95,-118,-118,-121,-119,-118,-116,-138,-135,-172,-167,-454,-451,-1117,-662]} 1. Nc3 d5 2. e4 dxe4 3. Nxe4 Bf5 4. Ng3 Bg6 5. Bc4 e6 6. Nf3 {A00: Irregular Openings.} Nc6 7. O-O Nf6 8. d4 {White has an edge.} Bd6 {[#]} 9. Bb5 $146 ({Predecessor:} 9. c3 Ne7 10. Nh4 c5 11. Bg5 Qc7 12. Bb5+ Kf8 13. Qf3 cxd4 14. cxd4 Ned5 15. Rac1 {½-½ (54) Restas,P (2433)-Paschall,W (2394) Budapest 2004}) 9... O-O 10. Bxc6 bxc6 11. Be3 Nd5 12. Bg5 f6 13. Bd2 c5 14. Re1 Re8 15. Ne4 cxd4 16. Nxd4 Be5 (16... e5 $15 {stays ahead.} 17. Nb5 Be7) 17. Ba5 $2 {[#]} (17. Nc6 $16 Qd7 18. Nxe5 fxe5 19. Bc3) 17... Nb6 $17 18. Bc3 Na4 (18... Qd5 $17 19. Qd3 Na4) 19. Qd2 ({White should try} 19. Nc6 $1 $15 Qd5 20. Bxe5 Qxc6 21. Qf3) 19... Nxc3 20. bxc3 Bxe4 21. Rxe4 c5 22. f4 Bxd4+ 23. cxd4 f5 $36 {[%mdl 2048] Black is in control.} 24. Re5 Qxd4+ 25. Qxd4 cxd4 {[%mdl 4096] Endgame KRR-KRR} 26. Rd1 Rac8 27. Rd2 Rc4 28. Ra5 Re7 29. Kf1 Rec7 30. Ke1 Rxc2 31. Rxd4 $2 (31. g3 {was worth a try.}) 31... Rxg2 $19 {[#] Hoping for ...Rc1+.} 32. Rd2 (32. Kd1 $142 Rxh2 33. Rd8+ Kf7 34. Ra4) 32... Rc1+ {Av CentiPawn Loss W=-55/B=-30. Weighted=-95/-30} 0-1

[Event "Meister-Talente"]
[Site "Emanuel Lasker Arena"]
[Date "2020.11.06"]
[Round "3"]
[White "JR43"]
[Black "Jan2020"]
[Result "0-1"]
[WhiteElo "1620"]
[BlackElo "1861"]
[Annotator "NA RC"]
[PlyCount "38"]
[EventDate "2020.11.06"]
[EventType "tourn (blitz)"]
[WhiteTeam "SV Werder Bremen I"]

{Reuker, Jari (2394)} 1. d4 {[%emt 0:00:09]} d5 {[%emt 0:00:03]} 2. Nf3 {[%emt 0:00:02]} Nf6 {[%emt 0:00:02]} 3. g3 {[%emt 0:00:03]} Bf5 {[%emt 0:00:17]} 4. Bg2 {[%emt 0:00:02]} e6 {[%emt 0:00:05]} 5. O-O {[%emt 0:00:01]} Be7 {[%emt 0:00:04]} 6. c4 {[%emt 0:00:02]} c6 {[%emt 0:00:02]} 7. Nc3 {[%emt 0:00:10]} O-O {[%emt 0:00:07]} 8. Qb3 {[%emt 0:00:21]} Qb6 {[%emt 0:00:05]} 9. Nh4 {[%emt 0:00:32]} Qxb3 {[%emt 0:00:15]} 10. axb3 {[%emt 0:00:01]} Bc2 {[%emt 0:00:01]} 11. Bf4 {[%emt 0:01:09]} Nbd7 {[%emt 0:00:33]} 12. cxd5 {[%emt 0:00:07]} Nxd5 {[%emt 0:00:33]} 13. Bd2 {[%emt 0:00:28]} Bxb3 {[%emt 0:00:26]} 14. e4 {[%emt 0:00:02]} Nb4 {[%emt 0:00:16]} 15. Nf3 {[%emt 0:00:09]} Nb6 {[%emt 0:00:17]} 16. Rfe1 {[%emt 0:00:15]} Nc2 {[%emt 0:00:03]} 17. Ne5 {[%emt 0:00:02]} Nxe1 {[%emt 0:00:06]} 18. Rxe1 {[%emt 0:00:01]} Nc4 {[%emt 0:00:01]} 19. Nd3 {[%emt 0:00:01]} Nxd2 {[%emt 0:00:02] JR43 gibt auf (Lag: Av=0.59s, max=0.9s)} 0-1

[Event "Meister-Talente"]
[Site "Emanuel Lasker Arena"]
[Date "2020.11.06"]
[Round "3"]
[White "Torjaeger10"]
[Black "Beyond_uoschi"]
[Result "1-0"]
[WhiteElo "1620"]
[BlackElo "2155"]
[Annotator "NA RC"]
[PlyCount "109"]
[EventDate "2020.11.06"]
[EventType "tourn (blitz)"]

1. e4 {[%emt 0:00:05]} e5 {[%emt 0:00:01]} 2. Nf3 {[%emt 0:00:03]} Nc6 {[%emt 0:00:01]} 3. Bb5 {[%emt 0:00:01]} a6 {[%emt 0:00:01]} 4. Ba4 {[%emt 0:00:01]} Nf6 {[%emt 0:00:02]} 5. O-O {[%emt 0:00:01]} Be7 {[%emt 0:00:02]} 6. Re1 {[%emt 0:00:02]} b5 {[%emt 0:00:01]} 7. Bb3 {[%emt 0:00:01]} d6 {[%emt 0:00:00]} 8. c3 {[%emt 0:00:03]} O-O {[%emt 0:00:00]} 9. h3 {[%emt 0:00:01]} Na5 {[%emt 0:00:01]} 10. Bc2 {[%emt 0:00:02]} c5 {[%emt 0:00:00]} 11. d4 {[%emt 0:00:01]} Nd7 {[%emt 0:00:00]} 12. dxe5 {[%emt 0:00:09]} dxe5 {[%emt 0:00:01]} 13. Nbd2 {[%emt 0:00:01]} Bb7 {[%emt 0:00:05]} 14. Nf1 {[%emt 0:00:04]} Nc4 {[%emt 0:00:02]} 15. b3 {[%emt 0:00:08]} Nd6 {[%emt 0:00:01]} 16. Ne3 {[%emt 0:00:33]} Nxe4 {[%emt 0:00:19]} 17. Nd5 {[%emt 0:00:14]} Bxd5 {[%emt 0:01:03]} 18. Qxd5 {[%emt 0:00:03]} Nef6 {[%emt 0:00:00]} 19. Qd1 {[%emt 0:00:16]} Qc7 {[%emt 0:00:02]} 20. Bg5 {[%emt 0:00:17]} h6 {[%emt 0:00:05]} 21. Bh4 {[%emt 0:00:02]} Rfd8 {[%emt 0:00:09]} 22. Bg3 {[%emt 0:00:04]} Bd6 {[%emt 0:00:11]} 23. Qd3 {[%emt 0:00:22]} Qc6 {[%emt 0:00:20]} 24. Rad1 {[%emt 0:00:06]} Nf8 {[%emt 0:00:13]} 25. Qf5 {[%emt 0:00:03]} e4 {[%emt 0:00:29]} 26. Bxd6 {[%emt 0:00:24]} exf3 {[%emt 0:00:01]} 27. Qxf3 {[%emt 0:00:19]} Qxf3 {[%emt 0:00:12]} 28. gxf3 {[%emt 0:00:00]} c4 {[%emt 0:00:23]} 29. bxc4 {[%emt 0:00:09]} bxc4 {[%emt 0:00:00]} 30. Be7 {[%emt 0:00:19]} Rxd1 {[%emt 0:00:01]} 31. Rxd1 {[%emt 0:00:00]} N8d7 {[%emt 0:00:06]} 32. Rd4 {[%emt 0:00:02]} Rb8 {[%emt 0:00:02]} 33. Rxc4 {[%emt 0:00:03]} Ne5 {[%emt 0:00:00]} 34. Rf4 {[%emt 0:00:04]} Nd5 {[%emt 0:00:01]} 35. Rf5 {[%emt 0:00:02]} Nxf3+ {[%emt 0:00:06]} 36. Rxf3 {[%emt 0:00:02]} Nxe7 {[%emt 0:00:00]} 37. Bb3 {[%emt 0:00:00]} Nc6 {[%emt 0:00:04]} 38. Bxf7+ {[%emt 0:00:05]} Kh8 {[%emt 0:00:01]} 39. Bb3 {[%emt 0:00:00]} Ne5 {[%emt 0:00:01]} 40. Re3 {[%emt 0:00:01]} Ng6 {[%emt 0:00:01]} 41. Kg2 {[%emt 0:00:01]} Nf4+ {[%emt 0:00:00]} 42. Kg3 {[%emt 0:00:01]} Ng6 {[%emt 0:00:00]} 43. Re6 {[%emt 0:00:02]} Nf8 {[%emt 0:00:01]} 44. Rxa6 {[%emt 0:00:01]} g5 {[%emt 0:00:00]} 45. Rxh6+ {[%emt 0:00:01]} Kg7 {[%emt 0:00:01]} 46. Ra6 {[%emt 0:00:02]} Ng6 {[%emt 0:00:01]} 47. Ra5 {[%emt 0:00:03]} Kh6 {[%emt 0:00:01]} 48. Ra6 {[%emt 0:00:02]} Kg7 {[%emt 0:00:01]} 49. c4 {[%emt 0:00:02]} Rd8 {[%emt 0:00:02]} 50. c5 {[%emt 0:00:06]} Ne5 {[%emt 0:00:01]} 51. c6 {[%emt 0:00:02]} Rd3+ {[%emt 0:00:01]} 52. Kg2 {[%emt 0:00:01]} Rc3 {[%emt 0:00:00]} 53. Bd5 {[%emt 0:00:03]} Kf6 {[%emt 0:00:04]} 54. c7+ {[%emt 0:00:02]} Kf5 {[%emt 0:00:01]} 55. Bc6 {[%emt 0:00:01] Beyond_uoschi gibt auf} 1-0

[Event "Meister-Talente"]
[Site "Emanuel Lasker Arena"]
[Date "2020.11.06"]
[Round "4"]
[White "Tschigorinfan97"]
[Black "PeterLaFleur"]
[Result "1/2-1/2"]
[WhiteElo "2173"]
[BlackElo "2149"]
[Annotator "NA RC"]
[PlyCount "159"]
[EventDate "2020.11.06"]
[EventType "tourn (blitz)"]

1. d4 {[%emt 0:00:01]} d5 {[%emt 0:00:25]} 2. c4 {[%emt 0:00:02]} c6 {[%emt 0:00:01]} 3. cxd5 {[%emt 0:00:01]} Qxd5 {[%emt 0:00:11]} 4. Nc3 {[%emt 0:00:02]} Qd8 {[%emt 0:00:01]} 5. e4 {[%emt 0:00:03]} g6 {[%emt 0:00:02]} 6. Bc4 {[%emt 0:00:04]} Bg7 {[%emt 0:00:01]} 7. Nge2 {[%emt 0:00:01]} b5 {[%emt 0:00:07]} 8. Bb3 {[%emt 0:00:07]} a5 {[%emt 0:00:10]} 9. a3 {[%emt 0:00:07]} Nf6 {[%emt 0:00:07]} 10. O-O {[%emt 0:00:05]} O-O {[%emt 0:00:01]} 11. Bg5 {[%emt 0:00:16]} Ba6 {[%emt 0:00:06]} 12. e5 {[%emt 0:00:11]} Nd5 {[%emt 0:00:04]} 13. Ne4 {[%emt 0:00:06]} h6 {[%emt 0:00:11]} 14. Bh4 {[%emt 0:00:06]} b4 {[%emt 0:00:07]} 15. Re1 {[%emt 0:00:28]} Bxe2 {[%emt 0:00:14]} 16. Rxe2 {[%emt 0:00:06]} g5 {[%emt 0:00:01]} 17. Bg3 {[%emt 0:00:02]} e6 {[%emt 0:00:01]} 18. Nd6 {[%emt 0:00:34]} Nd7 {[%emt 0:00:10]} 19. Rc2 {[%emt 0:00:17]} Qb6 {[%emt 0:00:06]} 20. Ba4 {[%emt 0:00:14]} Nb8 {[%emt 0:00:08]} 21. Rac1 {[%emt 0:00:08]} Ra7 {[%emt 0:00:04]} 22. Bxc6 {[%emt 0:00:05]} Nxc6 {[%emt 0:00:27]} 23. Rxc6 {[%emt 0:00:00]} Qd8 {[%emt 0:00:26]} 24. Rc8 {[%emt 0:00:04]} Qd7 {[%emt 0:00:01]} 25. Rxf8+ {[%emt 0:00:11]} Bxf8 {[%emt 0:00:01]} 26. Rc8 {[%emt 0:00:05]} Kg7 {[%emt 0:00:01]} 27. Qc2 {[%emt 0:00:14]} Bxd6 {[%emt 0:00:08]} 28. exd6 {[%emt 0:00:00]} bxa3 {[%emt 0:00:05]} 29. bxa3 {[%emt 0:00:04]} Rb7 {[%emt 0:00:01]} 30. h4 {[%emt 0:00:09]} f6 {[%emt 0:00:08]} 31. h5 {[%emt 0:00:06]} Qf7 {[%emt 0:00:01]} 32. Rc7 {[%emt 0:00:02]} Rxc7 {[%emt 0:00:17]} 33. dxc7 {[%emt 0:00:00]} Nb6 {[%emt 0:00:01]} 34. c8=Q {[%emt 0:00:02]} Nxc8 {[%emt 0:00:01]} 35. Qxc8 {[%emt 0:00:01]} Qxh5 {[%emt 0:00:00]} 36. Qc7+ {[%emt 0:00:01]} Kg6 {[%emt 0:00:02]} 37. Qc2+ {[%emt 0:00:01]} Kg7 {[%emt 0:00:02]} 38. Qd2 {[%emt 0:00:00]} Qg4 {[%emt 0:00:06]} 39. d5 {[%emt 0:00:05]} exd5 {[%emt 0:00:04]} 40. Qxd5 {[%emt 0:00:00]} h5 {[%emt 0:00:01]} 41. Bd6 {[%emt 0:00:02]} a4 {[%emt 0:00:04]} 42. Qf3 {[%emt 0:00:02]} Qe6 {[%emt 0:00:02]} 43. Bb4 {[%emt 0:00:02]} h4 {[%emt 0:00:01]} 44. Qb7+ {[%emt 0:00:04]} Kh6 {[%emt 0:00:02]} 45. Qe7 {[%emt 0:00:00]} Qc6 {[%emt 0:00:02]} 46. Qf8+ {[%emt 0:00:01]} Kg6 {[%emt 0:00:01]} 47. Qg8+ {[%emt 0:00:01]} Kf5 {[%emt 0:00:03]} 48. Qh7+ {[%emt 0:00:02]} Kg4 {[%emt 0:00:03]} 49. f3+ {[%emt 0:00:02]} Kf4 {[%emt 0:00:02]} 50. Bd2+ {[%emt 0:00:03]} Ke5 {[%emt 0:00:01]} 51. Qe7+ {[%emt 0:00:01]} Kf5 {[%emt 0:00:01]} 52. Qh7+ {[%emt 0:00:08]} Ke5 {[%emt 0:00:01]} 53. Qd3 {[%emt 0:00:03]} Qb7 {[%emt 0:00:10]} 54. Bc3+ {[%emt 0:00:02]} Ke6 {[%emt 0:00:01]} 55. Qe4+ {[%emt 0:00:01]} Qxe4 {[%emt 0:00:01]} 56. fxe4 {[%emt 0:00:00]} f5 {[%emt 0:00:00]} 57. exf5+ {[%emt 0:00:02]} Kxf5 {[%emt 0:00:00]} 58. Kf2 {[%emt 0:00:01]} Kf4 {[%emt 0:00:00]} 59. Bd2+ {[%emt 0:00:01]} Kg4 {[%emt 0:00:01]} 60. Be1 {[%emt 0:00:03]} Kf4 {[%emt 0:00:01]} 61. Kg1 {[%emt 0:00:02]} Kg4 {[%emt 0:00:02]} 62. Kf2 {[%emt 0:00:01]} Kf4 {[%emt 0:00:01]} 63. Kf1 {[%emt 0:00:02]} Kg4 {[%emt 0:00:02]} 64. Kg1 {[%emt 0:00:01]} h3 {[%emt 0:00:02]} 65. g3 {[%emt 0:00:02]} Kf3 {[%emt 0:00:01]} 66. Kh2 {[%emt 0:00:05]} g4 {[%emt 0:00:01]} 67. Bb4 {[%emt 0:00:01]} Kf2 {[%emt 0:00:01]} 68. Bd6 {[%emt 0:00:01]} Kf3 {[%emt 0:00:01]} 69. Bc5 {[%emt 0:00:00]} Ke2 {[%emt 0:00:01]} 70. Kg1 {[%emt 0:00:02]} Kf3 {[%emt 0:00:00]} 71. Bd6 {[%emt 0:00:01]} Ke2 {[%emt 0:00:01]} 72. Kh2 {[%emt 0:00:03]} Kf2 {[%emt 0:00:01]} 73. Bc5+ {[%emt 0:00:01]} Kf3 {[%emt 0:00:01]} 74. Bb4 {[%emt 0:00:01]} Kf2 {[%emt 0:00:01]} 75. Bd6 {[%emt 0:00:00]} Kf3 {[%emt 0:00:01]} 76. Bc5 {[%emt 0:00:00]} Ke2 {[%emt 0:00:01]} 77. Kg1 {[%emt 0:00:01]} Kf3 {[%emt 0:00:01]} 78. Bd6 {[%emt 0:00:02]} Ke2 {[%emt 0:00:01]} 79. Kh2 {[%emt 0:00:02] Tschigorinfan97 bietet Remis} Kf2 {[%emt 0:00:01]} 80. Kh1 {[%emt 0:00:02] (Lag: Av=0.59s, max=1.0s)} 1/2-1/2

[Event "Meister-Talente"]
[Site "Emanuel Lasker Arena"]
[Date "2020.11.06"]
[Round "4"]
[White "Beyond_uoschi"]
[Black "Johvon"]
[Result "1-0"]
[WhiteElo "2122"]
[BlackElo "1904"]
[Annotator "TA"]
[PlyCount "65"]
[EventDate "2020.11.06"]
[EventType "tourn (blitz)"]

{[%evp 12,65,12,6,18,15,40,16,25,27,35,40,200,-13,-13,-11,-11,-11,0,-7,125,-3,0,0,0,12,18,21,214,175,192,172,184,150,152,139,233,219,377,388,595,587,619,595,835,835,811,808,1066,1053,29992,29993,29993,29994,29998,29999]} 1. d4 Nf6 2. c4 e6 3. Nc3 Bb4 4. Qc2 d5 5. cxd5 exd5 6. Bg5 O-O 7. e3 c5 {E35: Nimzo-Indian: Classical: 4...d5 5 cxd5 exd5.} 8. dxc5 Nc6 9. Nf3 h6 {The position is equal.} 10. Bh4 g5 11. Bg3 d4 $2 {[#]} (11... Bxc5 $14 12. Rd1 Be6) 12. Nxd4 $146 ({Better is} 12. O-O-O $18) ({Predecessor:} 12. O-O-O dxc3 13. Rxd8 Rxd8 14. Bc4 g4 15. Qg6+ {1-0 (15) Tesar,J (2106)-Trhal,M (1999) Czechia 2012}) 12... Nxd4 $11 13. exd4 Qxd4 {aiming for ...Bf5!} 14. Be2 Ne4 {[%cal Re4c3]} 15. O-O Bf5 (15... Nxg3 $11 16. hxg3 Qxc5) 16. Rad1 (16. Nxe4 $16 Bxe4 17. Rad1 Qxf2+ 18. Bxf2 Bxc2 19. Rd7) 16... Qxc5 17. Bd3 Nxc3 18. bxc3 Bxd3 19. Rxd3 {Black must now prevent Qb1.} Rac8 $2 (19... Rad8 $11) 20. Bd6 Qxd6 21. Rxd6 Bxd6 22. Rd1 Be5 23. c4 {[%cal Bc3c4,Bc4c5,Bc5c6,Bc6c7][%mdl 32]} Bg7 (23... Rfd8 $16 {keeps fighting.}) 24. Rd7 $18 b5 $2 (24... b6 {was called for.} 25. h4 (25. Rxa7 b5 $18) 25... gxh4 26. Rxa7 Rcd8) 25. c5 a5 (25... Rfd8 $142) 26. c6 Rfe8 {[%cal Re8e1] [#]} 27. h4 $1 {[%mdl 512]} Rf8 (27... gxh4 28. c7) 28. hxg5 hxg5 29. c7 Rfe8 {[#]} 30. Qf5 $1 {[%mdl 64] Double Attack} Re1+ {[#]} 31. Kh2 $1 {White mates.} Be5+ 32. g3 f6 33. Qg6+ {Av CentiPawn Loss W=-19/B=-98. Weighted=-38/-87} 1-0